000 00801nam a2200205Ia 4500
003 OSt
005 20250505115259.0
008 191128t2010 ck er 000 f spa d
020 _a9789584224460
040 _aCO-JMCR
_cCO-JMCR
041 _aspa
082 0 4 _aA-N
_bTRUa
100 1 _aTrussoni, Danielle, autor
_eautor
_98232
245 1 0 _aAngeology :
_cEl libro de las generaciones /
_hDanielle Trussoni ; traducción de Gabriella Ellena Castellitti
260 _aBogotá :
_bPlantea,
_c©2010
300 _a590 páginas ;
_c23 cm.
520 _aEvangheline ha crecido entre los muros de un convento al norte de Nueva York. Llena de vida y optimismo, utiliza toda la energía de sus veintetrés años para ser una buena monja.
650 1 4 _aNovela estadounidense
_xSiglo XX
_98233
942 _2ddc
_cBK
999 _c4098
_d4098